000 00546nam a2200217 a 4500
001 0001-2013
003 ELIB.Books
008 190611 2010 eng
020 _aKBTS
092 _a248.2
_bWin
100 _aWinner Lauren F.
245 _aGirl Meets God
260 _aNew York
_bRandom House Trade Paperbacks
_c2003
300 _a303
_c20 Cm
650 _aChristian Life
856 _nKBTS Library
_uKBTS Elib
942 _2ddc
_cBK
990 _a1
998 _aEnglishbooks.elf
_ccat
_e2019-06-11
999 _c12013
_d12013